000 01230nkm0a2200277 4500
001 RU\NLR\BIBL_A\022601647
005 20260329044303.0
010 _a978-5-91050-286-8
_9200
035 _a(NLR Aleph) 022601647
090 _a13643037
_c13643037
100 _a20250814d2022 u y0rusy50 ca
101 0 _arus
102 _aRU
116 _adiycxx zz zz
181 0 _ab4
_bxb2e
182 0 _an
200 1 _aСлавянский район в работах А. Р. Мазина
_eнабор репродукций
_fАдминистрация МО Славянский район, Управление культуры
_gсоставитель Д. А. Решмет
203 _aИзображение
_bнеподвижное
_bдвухмерное
_bвизуальное
_cнепосредственное
210 _aКраснодар
_cДиапазон-В
_d2022
215 _a1 обл. (32 отд. л.)
_cцв. ил.
_d21х15
700 1 _aМазин
_bА. Р.
_gАлександр Романович
702 1 _aРешмет
_bД. А.
_gДмитрий Александрович
_4220
942 _cVISUAL
980 _aNB